000 00458nam a22001697a 4500
005 20130624154300.0
010 _aENG-107724
020 _a9788184984651
_c350.00
035 _aEN-91257
037 _bDBAD/PUB
100 _aDugdall, Ruth
245 _aThe woman before me /
_cby Ruth Dugdall
260 _aPune
_bMehta Publishing House
_c2013
270 _a1941, Sadashiv Peth, Madiwale Colony
_bPune
300 _a288p.
_c20cm(pbk)
942 _2ddc
_cEN
_mDUG
999 _c76901
_d76901